Statistics for Rubén Blades Filmography

Click here to take the quiz!

General Stats

  • This quiz has been taken 4 times
    (3 since last reset)
  • The average score is 18 of 59

Answer Stats

TypeYearName% Correct
TV Show2015-2023Fear the Walking Dead
100%
Film1994Color of Night
67%
Film1999Cradle Will Rock
67%
TV Film1991Crazy from the Heart
67%
Film1987Critical Condition
67%
Film1985Crossover Dreams
67%
TV Film1989Dead Man Out
67%
Film1987Fatal Beauty
67%
Film2016Hands of Stone
67%
Film2003Imagining Argentina
67%
Film2021Red Pill
67%
Music Video2020René
67%
Documentary2018Rubén Blades Is Not My Name
67%
Film2009Spoken Word
67%
Theater1997-1998The Capeman
67%
Film1983The Last Fight
67%
TV Film2003The Maldonado Miracle
67%
Film1988The Milagro Beanfield War
67%
Documentary1985The Return of Rubén Blades
67%
Film1991The Super
67%
TV Show1997The X-Files
67%
Film2002Assassination Tango
33%
Music Video1991Camaleon
33%
Film1989Disorganized Crime
33%
TV Show2012El Luchador
33%
TV Show2000-2001Gideon's Crossing
33%
Film1993Life with Mikey
33%
Film1990Predator 2
33%
TV Documentary2003Rubén Blades Biography
33%
TV Show1990Sesame Street
33%
TV Show2015-2017Talking Dead
33%
Film2013The Counselor
33%
TV Film1991The Josephine Baker Story
33%
Film1996Al Compas de un Sentimiento
0%
Film2000All the Pretty Horses
0%
Film1994A Million to Juan
0%
Music Video1987Bitter Fruit
0%
TV Show1989Cinemax Sessions
0%
TV Film1997Falls Road
0%
Film2012For Greater Glory
0%
Film1996Grampa
0%
Film1991Heart of the Deal
0%
Film1988Homeboy
0%
TV ShowTBAInfiltracion
0%
Short Film2011La Siguiente Estación
0%
TV Film1993Miracle on Interstate 880
0%
Film1990Mo' Better Blues
0%
Film2003Once Upon a Time in Mexico
0%
TV Film1991One Man's War
0%
TV Show2002Resurrection Blvd.
0%
Film2012Safe House
0%
Film1995Scorpion Spring
0%
Film2005Seceustro Express
0%
Film2003Spin
0%
Music Video1985Sun City
0%
Film1997The Devil's Own
0%
Film1990The Lemon Sisters
0%
Film1990The Two Jakes
0%
Music Video1987They Dance Along (Cueca Solo)
0%

Score Distribution

Percentile by Number Answered

Percent of People with Each Score

Your Score History

You have not taken this quiz since the last reset